| 000 | 00401nam a2200145 a 4500 | ||
|---|---|---|---|
| 005 | 20140412111316.0 | ||
| 008 | 010321s19uu xx 00 eng d | ||
| 050 |
_aER _bOn1 |
||
| 245 |
_aOn a picnic / _cillustrated by Colin and Moira Maclean. |
||
| 260 |
_aTokyo : _bFroebel-kan co., Ltd, _c[n.d.] |
||
| 300 | _a1 v. (unp.) ; ill. | ||
| 440 | _aSwing Me | ||
| 650 | _aBook of words | ||
| 999 |
_c104246 _d104246 |
||